000 00722nam a2200205 a 4500
001 000039124
005 20201002031516.0
008 130527s2013 dr 001 0 spa d
020 _z9789945163595
040 _aDO-SdBNP
_bspa
_cBNPHU
082 _a113.8
_bF363v
100 1 _aFernández, Antonio
_922068
245 1 3 _aLa voz del universo :
_bla base racional de una vida con propósito /
_cAntonio Fernández.
260 _aSanto Domingo :
_bBúho,
_c2013.
300 _a167 p. ;
_c22 cm.
590 _aInventariado, 2018/LP
650 4 _aOrigen de la vida
_xEnsayos, conferencias, etc.
_964180
650 4 _aCadena del ser (filosofía)
_xEnsayos, conferencias, etc.
_964181
910 _aValidado. Control de calidad EMS.
999 _c38614
_d38614